A TEXTBOOK OF ORGANIC CHEMISTRY (Record no. 30652)

000 -LEADER
fixed length control field 00344nam a2200145Ia 4500
008 - FIXED-LENGTH DATA ELEMENTS--GENERAL INFORMATION
fixed length control field 200615s9999||||xx |||||||||||||| ||und||
020 ## - INTERNATIONAL STANDARD BOOK NUMBER
International Standard Book Number 9789352531967
082 ## - DEWEY DECIMAL CLASSIFICATION NUMBER
Classification number 540
Item number ATE-A
100 ## - MAIN ENTRY--PERSONAL NAME
Personal name ARUN/B S BAHL
245 #2 - TITLE STATEMENT
Title A TEXTBOOK OF ORGANIC CHEMISTRY
250 ## - EDITION STATEMENT
Edition statement 5TH
260 ## - PUBLICATION, DISTRIBUTION, ETC.
Place of publication, distribution, etc. NEW DELHI
Name of publisher, distributor, etc. S.CHAND
Date of publication, distribution, etc. 2017
300 ## - PHYSICAL DESCRIPTION
Extent 1073
942 ## - ADDED ENTRY ELEMENTS (KOHA)
Koha item type Book
Holdings
Withdrawn status Lost status Damaged status Not for loan Collection code Permanent Location Current Location Date acquired Cost, normal purchase price Total Checkouts Barcode Date last seen Date last checked out Price effective from Koha item type
        School of Science Central Library, MUIT, Lucknow Central Library, MUIT, Lucknow 2020-06-15 775.00 3 SOS2812 2025-04-26 2025-04-07 2020-06-15 Book

All Rights Reserved@MUIT

Powered by Koha